00649nam a22002177a 450000500170000000800410001701000140005802000260007203500130009803700150011104000180012608200110014410000230015524500520017826000320023027000790026230000230034150000200036465000310038465000160041520090603162918.0090603t xxu||||| |||| 00| 0 eng d aENG-93864 a9789380032078c195.00 aEN-77397 bDBAD / PUB adplbEnglish  a658.87 aLittle, Graham R.  aRetail store leadership /cby Graham R. Little  aNew Delhi bWestland c2000 aF-5, Okhla Industrial Area, Phase-I, Mazzanine Floor, bNew Delhi e110020 a138p. c18cm(pbk)  aIncludes index  aRetail trade xManagement. aLeadership.